000 00588nam a22002177a 4500
003 UA-OsUOA
001 107929
007 ta
008 20140923b un ||||| |||| 00| 0 ukr d
100 _aВовк Л.
090 _a32
_bВ61
942 _cSA
040 _aUA-OsUOA
_bukr
_cUA-OsUOA
_dUA-OsUOA
245 _aБез України Європа неможлива. Про ратифікацію Угоди про асоціацію України з ЄС
300 _aС.2
955 _a0
041 _aukr
080 _a32
773 0 _w107928
650 7 _a32 Політика
_2UDC
999 _c394119
_d394119